| 000 | 00755nam a22002897a 4500 | ||
|---|---|---|---|
| 001 | BR6007377 | ||
| 003 | BR-BrBNA | ||
| 005 | 20240628104709.0 | ||
| 008 | 230509b bl.||||| |||| 00| 0 por d | ||
| 040 |
_aBR-BrBNA _bpor |
||
| 041 | _a(Por) | ||
| 072 | _aC00; E30 | ||
| 090 |
_aC00 _bBR6007377 |
||
| 100 | 1 | _aVerdolin, H. | |
| 111 | 1 | _a6. Feira Internacional de Tecnica Agricola | |
| 245 | 1 | _aPalestra do DNGE durante a VI FETAG / | |
| 260 | 3 |
_aSao Paulo, SP (Brasil): _c1977. |
|
| 300 | _a12 p. | ||
| 650 | _aEducacao | ||
| 650 | _aDesenvolvimento agricola | ||
| 650 | _aAssistencia tecnica | ||
| 650 | _aComunicacao | ||
| 650 | _aCurso | ||
| 909 |
_a06/2024 _bSARAH |
||
| 942 | _cBK | ||
| 999 |
_c12552 _d12552 |
||